000 00509nam a22001457a 4500
082 _aCP-18
_bDr Mazhar Iqbal,
100 _aDr Mazhar Iqbal, OD-80/CED-81
_950881
245 _aCE-205, Mechanics of Soilids-II, Course Pack,
_cDr Mazhar Iqbal, OD-80/CED-81
260 _aMCE
_bDr Mazhar Iqbal, OD-80/CED-81
_cFall-Semester-2014
300 _aVerese Pages
_bHard Folder
_c35 CM
526 _a0
_b0
_c0
_dCP_18
650 _aCourse Pack OD-80/CED-81
_950882
700 _aAmir Jamshed Maj.
_950883
942 _2ddc
_cBK
999 _c553613
_d553613